| 000 | 00391 a2200145 4500 | ||
|---|---|---|---|
| 001 | 72757 | ||
| 082 | _a512 YSF | ||
| 090 |
_c38845 _d38845 |
||
| 100 | _aS.M Yousaf, Sana Ullah Bhatti | ||
| 245 |
_aAlgebra & Trigonometry (1st Edition) _bMathematics-II _hEnglish |
||
| 260 |
_aLahore _b2005 _cPunjab Text Book Board |
||
| 300 | _a496p | ||
| 500 | _aA Text book of CAE | ||
| 600 | _aS.M Yousaf | ||
| 942 |
_aCAE NUST _k512 YSF |
||
| 999 |
_c307830 _d307830 |
||